LEADER 00865nam a2200241 i 4500 001 000000055393 003 CaOOAMICUS 005 20071204000000.0 008 071204s1970 it u000 u ita u 013 $a26565 040 $aSeMil$bita 100 1 $aPratolini, Vasco,$d<1913-1991>.$0(OLS)http://semarc/name/8412 245 13$aIl quartiere /$cVasco Pratolini. 250 $a5. Ed. 260 $a[Milano] :$bArnoldo Mondadori Editore,$c1970. 300 $a200 p. ;$c19 cm. 490 0 $aOscar Mondadori ;$v155 830 0$aOscar ;$v155.$0(OLS)http://semarc/title/8669 850 $aSeMil 852 $aSeMil$W1$xVenegono$y1$m1C II 326$j249075$B21547$CSeMilBibl$Z2$F21549 $81 961 $aOmaggio: Donazione 996 $6245$aIl quartiere$9(OLS)http://semarc/title/85886 996 $6260$a[Milano] :$bArnoldo Mondadori Editore$9(OLS)http://semarc/publisher/29634 LEADER 01125nam a2200265 i 4500 001 000000079107 003 CaOOAMICUS 005 20030818000000.0 008 030818s1971 fr u000 u mul u 013 $a51344 040 $aSeMil$bita 100 1 $aCallinicus.$0(OLS)http://semarc/name/38410 245 10$aVie d'Hypatios /$cCallinicos ; introduction, texte critique, traduction et notes par ; G.J.M. Bartelink. 260 $aParis :$bLes Éditions du Cerf,$c1971. 300 $a335 p. ;$c20 cm. 490 0 $aSources Chrétiennes ;$vN°177 500 $aTesto greco a fronte. - Dalla biblioteca del card. Giovanni Colombo. 700 1 $aBartelink, Gerardus Johannes Marinus,$d<1924-2012>.$0(OLS)http://semarc/name/19712 830 0$aSources chrétiennes ;$vN°177.$0(OLS)http://semarc/title/72 850 $aSeMil 852 $aSeMil$W1$xVenegono$y1$mSL1.T IV 177$j44865$B44865$CSeMilBibl$Z2$F46703 $8I 941 1 $a3 961 $aLascito: Colombo Card. Giovanni 996 $6245$aVie d'Hypatios$9(OLS)http://semarc/title/127184 996 $6260$aParis :$bLes Éditions du Cerf$9(OLS)http://semarc/publisher/29611